[Event "DVM U20 2003"]
[Site "Ditzingen GER"]
[Date "2003.12.28"]
[Round "3"]
[White "Weichhold, Carsten"]
[Black "Mijatovic, Vladimir"]
[Result "0-1"]
[Termination "normal"]
[Board "5.2"]
[WhiteElo "2013"]
[BlackElo "2126"]
[WhiteTeam "ASC Theresianum Mainz"]
[BlackTeam "SV Wolfbusch"]
[PlyCount "94"]
[BlackFideId "934062"]
[EventCountry "GER"]
[EventRounds "7"]
[EventType "team-swiss"]
[EventDate "2003.12.26"]

1. e4 c5 2. Nf3 d6 3. d4 cxd4 4. Nxd4 Nf6 5. Nc3 a6 6. Be3 e6 7. Be2 Be7 8. O-O
O-O 9. f4 Qc7 10. a4 Nc6 11. Nb3 Re8 12. Bd3 Nb4 13. a5 e5 14. Na4 Qc6 15. Nb6
Rb8 16. Bd2 Nxd3 17. cxd3 Bg4 18. Qe1 Qc2 19. Nc1 Qxb2 20. Bc3 Qb5 21. h3 Bd7
22. Qd2 Bd8 23. Nxd7 Nxd7 24. Ne2 Nc5 25. fxe5 dxe5 26. Qa2 Qd7 27. Rad1 Bf6
28. Ng3 Qc6 29. Nh5 Nd7 30. Qb2 Qe6 31. Rf5 Bd8 32. Ng3 b5 33. d4 b4 34. d5
bxc3 35. dxe6 cxb2 36. exf7+ Kf8 37. fxe8=Q+ Kxe8 38. Rb1 Bxa5 39. Rf3 Bc7 40.
Ne2 a5 41. Nc3 Bb6+ 42. Kf1 Bd4 43. Ne2 a4 44. Nxd4 exd4 45. Ra3 Nc5 46. Ra2 a3
47. Rxa3 Nxe4 0-1

[Event "DVM U20 2003"]
[Site "Ditzingen GER"]
[Date "2003.12.28"]
[Round "3"]
[White "Häcker, Sonja"]
[Black "Resa, Tobias"]
[Result "0-1"]
[Termination "normal"]
[Board "5.3"]
[WhiteElo "2028"]
[BlackElo "1915"]
[WhiteTeam "SV Wolfbusch"]
[BlackTeam "ASC Theresianum Mainz"]
[PlyCount "66"]
[WhiteFideId "4680928"]
[EventCountry "GER"]
[EventRounds "7"]
[EventType "team-swiss"]
[EventDate "2003.12.26"]

1. e4 e5 2. Nf3 Nc6 3. Bb5 a6 4. Ba4 Nf6 5. O-O b5 6. Bb3 Bc5 7. c3 d5 8. d4
dxe4 9. Ng5 exd4 10. Nxf7 Qe7 11. Nxh8 e3 12. Qf3 exf2+ 13. Kh1 Bb7 14. Bg5
O-O-O 15. Nf7 Re8 16. Nd2 dxc3 17. bxc3 Na5 18. Bxf6 gxf6 19. Qh3+ Kb8 20. Nh6
Qe2 21. Nf3 Re3 22. Qf5 Nxb3 23. axb3 Rxc3 24. Ng4 Qxf3 25. Qxf3 Rxf3 26. Rac1
Bb6 27. Rc2 Rxb3 28. Nxf2 f5 29. h3 f4 30. Kh2 f3 31. g3 Re3 32. Rd1 Re2 33.
Rdd2 Bxf2 0-1

[Event "DVM U20 2003"]
[Site "Ditzingen GER"]
[Date "2003.12.28"]
[Round "3"]
[White "Naß, Walter Robert"]
[Black "Katte, Nicolas"]
[Result "1-0"]
[Termination "normal"]
[Board "5.5"]
[WhiteElo "1844"]
[BlackElo "1655"]
[WhiteTeam "SV Wolfbusch"]
[BlackTeam "ASC Theresianum Mainz"]
[PlyCount "79"]
[WhiteFideId "24607215"]
[BlackFideId "24614149"]
[EventCountry "GER"]
[EventRounds "7"]
[EventType "team-swiss"]
[EventDate "2003.12.26"]

1. e4 e5 2. Nf3 Nc6 3. d4 exd4 4. Nxd4 Nf6 5. Nxc6 bxc6 6. e5 Qe7 7. Qe2 Nd5 8.
c4 Ba6 9. b3 O-O-O 10. Bb2 Re8 11. Nd2 f6 12. Qg4 Nb4 13. Kd1 c5 14. a3 Nc6 15.
exf6 gxf6 16. Bd3 Ne5 17. Bxe5 Qxe5 18. Kc2 h5 19. Qg3 Qxg3 20. hxg3 Bb7 21. f3
Bd6 22. Rh3 Reg8 23. Nf1 Kb8 24. Re1 Be5 25. Bf5 d5 26. Be6 Rd8 27. Bxd5 Bxd5
28. cxd5 Rxd5 29. Ne3 Rd6 30. Nc4 Rd5 31. Nxe5 fxe5 32. g4 Rhd8 33. Rxh5 Rd2+
34. Kc3 R2d3+ 35. Kc2 Rd2+ 36. Kc3 R2d3+ 37. Kc4 R8d4+ 38. Kb5 Kb7 39. Rhxe5
Rc3 40. b4 1-0

[Event "DVM U20 2003"]
[Site "Ditzingen GER"]
[Date "2003.12.28"]
[Round "3"]
[White "Hörr, Matthias"]
[Black "Buckan, Jens"]
[Result "1-0"]
[Termination "normal"]
[Board "6.1"]
[WhiteElo "2055"]
[BlackElo "2107"]
[WhiteTeam "SK König Plauen"]
[BlackTeam "SV Empor Erfurt"]
[PlyCount "49"]
[WhiteFideId "4681398"]
[BlackFideId "4684508"]
[EventCountry "GER"]
[EventRounds "7"]
[EventType "team-swiss"]
[EventDate "2003.12.26"]

1. e4 c5 2. Nf3 d6 3. d4 cxd4 4. Nxd4 Nf6 5. Nc3 a6 6. Bc4 e6 7. Bb3 Qc7 8. O-O
Nc6 9. f4 Be7 10. Kh1 O-O 11. f5 Nxd4 12. Qxd4 e5 13. Qd3 b5 14. Bg5 Bb7 15.
Bxf6 Bxf6 16. Bd5 Be7 17. Rad1 Rfd8 18. Rf3 Bf8 19. Rh3 Rac8 20. Qg3 Kh8 21.
Bb3 b4 22. Nd5 Bxd5 23. Rxd5 Qd7 24. Rd3 a5 25. Rxh7+ 1-0

[Event "DVM U20 2003"]
[Site "Ditzingen GER"]
[Date "2003.12.28"]
[Round "3"]
[White "Gehlhaar, Christian"]
[Black "Engelhardt, Etienne"]
[Result "1/2-1/2"]
[Termination "normal"]
[Board "6.2"]
[WhiteElo "2119"]
[BlackElo "1832"]
[WhiteTeam "SV Empor Erfurt"]
[BlackTeam "SK König Plauen"]
[PlyCount "59"]
[WhiteFideId "4663888"]
[BlackFideId "4687213"]
[EventCountry "GER"]
[EventRounds "7"]
[EventType "team-swiss"]
[EventDate "2003.12.26"]

1. e4 c6 2. d4 d5 3. Nc3 dxe4 4. Nxe4 Bf5 5. Ng3 Bg6 6. h4 h6 7. Nf3 Nf6 8. Ne5
Bh7 9. Bc4 e6 10. Qe2 Nd5 11. Bb3 Bd6 12. Qg4 Rg8 13. O-O Nd7 14. c4 N5f6 15.
Qe2 Qc7 16. Nxf7 Kxf7 17. c5 Rge8 18. cxd6 Qxd6 19. f4 Nd5 20. Bd2 N7f6 21.
Rae1 Rad8 22. Qf3 Kg8 23. f5 exf5 24. Nxf5 Bxf5 25. Qxf5 Kh8 26. Rxe8+ Rxe8 27.
Bc2 c5 28. dxc5 Qxc5+ 29. Rf2 Re2 30. Bc3 1/2-1/2

[Event "DVM U20 2003"]
[Site "Ditzingen GER"]
[Date "2003.12.28"]
[Round "3"]
[White "Pfeufer, Lion"]
[Black "Michalowski, Peter"]
[Result "1-0"]
[Termination "normal"]
[Board "6.3"]
[WhiteElo "2015"]
[BlackElo "1787"]
[WhiteTeam "SK König Plauen"]
[BlackTeam "SV Empor Erfurt"]
[PlyCount "55"]
[WhiteFideId "4681444"]
[BlackFideId "24609978"]
[EventCountry "GER"]
[EventRounds "7"]
[EventType "team-swiss"]
[EventDate "2003.12.26"]

1. e4 c5 2. Nf3 d6 3. d4 cxd4 4. Nxd4 Nf6 5. Nc3 a6 6. a4 Nc6 7. Be2 e6 8. Be3
Qc7 9. O-O Be7 10. f4 b6 11. Nxc6 Qxc6 12. Bf3 e5 13. Nd5 Rb8 14. Nxe7 Kxe7 15.
Qe2 Rd8 16. a5 Nd7 17. fxe5 dxe5 18. axb6 Nxb6 19. Qf2 f6 20. Rfd1 Rxd1+ 21.
Rxd1 Nd7 22. b3 Nf8 23. Bc5+ Ke8 24. Rd6 Qc7 25. Bh5+ Ng6 26. b4 Kf7 27. Qg3
Be6 28. Rxe6 1-0

[Event "DVM U20 2003"]
[Site "Ditzingen GER"]
[Date "2003.12.28"]
[Round "3"]
[White "Strauch, Martin"]
[Black "Butzke, Daniel"]
[Result "0-1"]
[Termination "normal"]
[Board "6.4"]
[WhiteElo "1670"]
[BlackElo "1965"]
[WhiteTeam "SV Empor Erfurt"]
[BlackTeam "SK König Plauen"]
[PlyCount "82"]
[BlackFideId "4690028"]
[EventCountry "GER"]
[EventRounds "7"]
[EventType "team-swiss"]
[EventDate "2003.12.26"]

1. e4 e6 2. d3 d5 3. Nd2 Nf6 4. Ngf3 c5 5. g3 Nc6 6. Bg2 Be7 7. O-O O-O 8. Re1
Qc7 9. e5 Nd7 10. Qe2 b5 11. h4 c4 12. dxc4 bxc4 13. Nf1 Rb8 14. N1h2 Bb4 15.
c3 Be7 16. Bf4 Nc5 17. Ng5 Nd3 18. Qh5 Bxg5 19. Bxg5 Nxe1 20. Bf6 Ne7 21. Ng4
Nf5 22. Qg5 Kh8 23. Bxg7+ Nxg7 24. Nf6 Nf5 25. g4 Qxe5 26. gxf5 Qxf5 27. Qh6
Rg8 28. Nxg8 Kxg8 29. Rxe1 Rxb2 30. Qg5+ Qxg5 31. hxg5 Bd7 32. f4 a6 33. f5
Rxa2 34. fxe6 Bxe6 35. Re5 Rc2 36. Bxd5 Bxd5 37. Rxd5 Rxc3 38. Ra5 Rd3 39. Rxa6
Rg3+ 40. Kf2 Rxg5 41. Rc6 Rg4 0-1

[Event "DVM U20 2003"]
[Site "Ditzingen GER"]
[Date "2003.12.28"]
[Round "3"]
[White "Buschmann, Stephan"]
[Black "Schoel, Tobias"]
[Result "0-1"]
[Termination "normal"]
[Board "6.5"]
[WhiteElo "1725"]
[BlackElo "1693"]
[WhiteTeam "SK König Plauen"]
[BlackTeam "SV Empor Erfurt"]
[PlyCount "50"]
[EventCountry "GER"]
[EventRounds "7"]
[EventType "team-swiss"]
[EventDate "2003.12.26"]

1. d4 Nf6 2. c4 c5 3. d5 e6 4. dxe6 fxe6 5. Nf3 d5 6. e3 Nc6 7. cxd5 exd5 8.
Bd3 Bg4 9. O-O Bd6 10. Nc3 a6 11. h3 Bh5 12. b3 O-O 13. Be2 Bc7 14. Bb2 Qd6 15.
g3 Rad8 16. Nh4 Bf7 17. Bf3 Be6 18. Bg2 Qd7 19. Kh2 Qe7 20. Qc2 Nh5 21. Rad1
Qxh4 22. Nxd5 Bxg3+ 23. Kg1 Bd6 24. Qc3 Bxh3 25. Nf4 Bxg2 0-1

[Event "DVM U20 2003"]
[Site "Ditzingen GER"]
[Date "2003.12.28"]
[Round "3"]
[White "Sabelfeld, Nastja"]
[Black "Hörr, Christian"]
[Result "0-1"]
[Termination "normal"]
[Board "6.6"]
[WhiteElo "1565"]
[BlackElo "1779"]
[WhiteTeam "SV Empor Erfurt"]
[BlackTeam "SK König Plauen"]
[PlyCount "66"]
[EventCountry "GER"]
[EventRounds "7"]
[EventType "team-swiss"]
[EventDate "2003.12.26"]

1. e4 d6 2. d4 Nf6 3. f3 g6 4. c4 Bg7 5. Nc3 Nbd7 6. Bd3 c5 7. d5 a6 8. a4 O-O
9. Nge2 Ne5 10. O-O Bd7 11. b3 Nxd3 12. Qxd3 Ne8 13. Rb1 f5 14. Nf4 Nc7 15. Bd2
e5 16. dxe6 Bxe6 17. Nxe6 Nxe6 18. Nd5 f4 19. a5 g5 20. b4 Rf7 21. Rbd1 Qf8 22.
b5 h5 23. Be1 Be5 24. Nb6 Rd8 25. g3 Nd4 26. Kg2 g4 27. fxg4 f3+ 28. Kf2 hxg4
29. Nd5 Qh6 30. Rh1 Bxg3+ 31. hxg3 (31. Kxg3 Qh3+ 32. Kf2 Qg2+ 33. Ke3 f2)
31... Qxh1 32. Qf1 Qh2+ 33. Ke3 f2 0-1

[Event "DVM U20 2003"]
[Site "Ditzingen GER"]
[Date "2003.12.28"]
[Round "3"]
[White "Lauer, Moritz"]
[Black "Behm, Simon"]
[Result "1/2-1/2"]
[Termination "normal"]
[Board "7.2"]
[WhiteElo "2191"]
[BlackElo "2045"]
[WhiteTeam "SV Puschendorf"]
[BlackTeam "TSF Ditzingen"]
[PlyCount "62"]
[WhiteFideId "4678354"]
[BlackFideId "4691962"]
[EventCountry "GER"]
[EventRounds "7"]
[EventType "team-swiss"]
[EventDate "2003.12.26"]

1. e4 e6 2. d4 d5 3. Nd2 Be7 4. Bd3 c5 5. exd5 Qxd5 6. Ngf3 cxd4 7. O-O Nf6 8.
Re1 Nc6 9. Bc4 Qd6 10. Qe2 O-O 11. Nb3 Nd7 12. Bb5 Bf6 13. Nbd2 Nc5 14. Rb1 a6
15. Nc4 Qc7 16. Bxc6 bxc6 17. Bd2 Nd7 18. Ba5 Qf4 19. Nfd2 c5 20. Ne4 Bb7 21.
Nxf6+ Qxf6 22. Bc7 Qg6 23. Bg3 Nf6 24. Ne5 Qe4 25. Qxe4 Bxe4 26. Rbc1 Rfd8 27.
Bh4 Bd5 28. b3 Rdc8 29. Bxf6 gxf6 30. Nd7 Kh8 31. Nxf6 Bb7 1/2-1/2

[Event "DVM U20 2003"]
[Site "Ditzingen GER"]
[Date "2003.12.28"]
[Round "3"]
[White "Reinhold, Dirk"]
[Black "Lowitz, Torsten"]
[Result "0-1"]
[Termination "normal"]
[Board "7.3"]
[WhiteElo "2018"]
[BlackElo "2134"]
[WhiteTeam "TSF Ditzingen"]
[BlackTeam "SV Puschendorf"]
[PlyCount "66"]
[WhiteFideId "4685849"]
[BlackFideId "4681924"]
[EventCountry "GER"]
[EventRounds "7"]
[EventType "team-swiss"]
[EventDate "2003.12.26"]

1. e4 c5 2. Nf3 d6 3. d4 cxd4 4. Nxd4 Nf6 5. Nc3 a6 6. Be2 e5 7. Nb3 Be7 8. O-O
Be6 9. Be3 O-O 10. Bf3 Qc7 11. Qe1 Nbd7 12. Rd1 b5 13. g4 Nb6 14. g5 Nfd7 15.
Kh1 f6 16. g6 hxg6 17. Rg1 Kf7 18. Rg3 Rh8 19. Qg1 g5 20. Nd5 Nxd5 21. exd5 Bf5
22. Bg4 Bxg4 23. Rxg4 f5 24. Rg2 f4 25. Bd2 Qxc2 26. f3 Qf5 27. Re1 Qd3 28.
Bxf4 exf4 29. Rxg5 Bxg5 30. Qxg5 Qxf3+ 31. Kg1 Rae8 32. Qf5+ Nf6 33. Rxe8 Rxe8
0-1

[Event "DVM U20 2003"]
[Site "Ditzingen GER"]
[Date "2003.12.28"]
[Round "3"]
[White "Moyles-Johnson, Yannick"]
[Black "Scheerer, Kim"]
[Result "1/2-1/2"]
[Termination "normal"]
[Board "7.4"]
[WhiteElo "1587"]
[BlackElo "1389"]
[WhiteTeam "SV Puschendorf"]
[BlackTeam "TSF Ditzingen"]
[PlyCount "76"]
[EventCountry "GER"]
[EventRounds "7"]
[EventType "team-swiss"]
[EventDate "2003.12.26"]

1. f4 d5 2. e3 Nc6 3. Nf3 Bf5 4. b3 Nf6 5. Bb2 e6 6. Be2 Bd6 7. Nc3 a6 8. Nh4
Be4 9. Nxe4 Nxe4 10. Nf3 f6 11. Nd4 Nxd4 12. Bxd4 Qe7 13. O-O O-O-O 14. Rc1 Ba3
15. Rb1 e5 16. fxe5 fxe5 17. Bb2 Bxb2 18. Rxb2 Rdf8 19. Bf3 Nf6 20. g3 h5 21.
c4 e4 22. Bg2 g5 23. cxd5 h4 24. Qe1 Qe5 25. d4 exd3 26. Rbf2 hxg3 27. Rf5
gxh2+ 28. Kh1 Qd6 29. Qc3 Nh5 30. Rxf8+ Rxf8 31. Rxf8+ Qxf8 32. Kxh2 Qh6 33.
Bh3+ Kb8 34. Qxd3 Qd6+ 35. Kh1 Qg3 36. Bg2 Qe1+ 37. Kh2 Qg3+ 38. Kg1 Qe1+
1/2-1/2

[Event "DVM U20 2003"]
[Site "Ditzingen GER"]
[Date "2003.12.28"]
[Round "3"]
[White "Beeck, Alexander"]
[Black "Lingl, Xenia"]
[Result "1-0"]
[Termination "normal"]
[Board "7.5"]
[WhiteElo "1315"]
[BlackElo "1144"]
[WhiteTeam "TSF Ditzingen"]
[BlackTeam "SV Puschendorf"]
[PlyCount "147"]
[EventCountry "GER"]
[EventRounds "7"]
[EventType "team-swiss"]
[EventDate "2003.12.26"]

1. d4 Nf6 2. c4 e6 3. Nc3 d5 4. Bg5 Nbd7 5. e3 Bb4 6. Nf3 O-O 7. a3 Be7 8. cxd5
exd5 9. Bd3 Re8 10. Qc2 a6 11. O-O Nf8 12. Qb3 b6 13. Bxf6 Bxf6 14. Nxd5 Be6
15. Be4 c6 16. Nxf6+ Qxf6 17. Qxb6 Bd7 18. Ne5 Rec8 19. Rac1 Rab8 20. Qxa6 c5
21. Qxf6 gxf6 22. Nc4 Bb5 23. Nd6 Bxf1 24. Nxc8 Ba6 25. Ne7+ Kg7 26. dxc5 Rxb2
27. c6 Ng6 28. c7 Nxe7 29. h4 h5 30. Bf3 Kh6 31. g4 Bc8 32. Rc5 Ng6 33. g5+ Kg7
34. a4 Ra2 35. Rb5 Nxh4 36. Bb7 Ra1+ 37. Kh2 Nf5 38. Bxc8 Nd6 39. Ba6 Rc1 40.
Rd5 Nc8 41. gxf6+ Kxf6 42. Bxc8 Rxc7 43. Bh3 Rc2 44. Kg3 Ra2 45. a5 Ke7 46. f3
Ra3 47. e4 h4+ 48. Kg4 Ke6 49. Kxh4+ Ke7 50. Kg4 Ra4 51. Bf1 Ra1 52. Bb5 Rxa5
53. f4 Ra1 54. Kf5 Rh1 55. Rd7+ Kf8 56. e5 Rh5+ 57. Ke4 Kg7 58. f5 Rh4+ 59. Kd5
Rb4 60. f6+ Kg6 61. Bd3+ Kg5 62. Rxf7 Ra4 63. Rg7+ Kh6 64. Rh7+ Kg5 65. f7 Ra5+
66. Ke6 Ra8 67. Bb5 Kg6 68. Bd3+ Kg5 69. Rh2 Rb8 70. Rg2+ Kf4 71. Rg8 Rb6+ 72.
Kd5 Ke3 73. f8=Q Kxd3 74. Rg3+ 1-0

[Event "DVM U20 2003"]
[Site "Ditzingen GER"]
[Date "2003.12.28"]
[Round "3"]
[White "Kittler, Alexander"]
[Black "Lembke, Philipp"]
[Result "1-0"]
[Termination "normal"]
[Board "7.6"]
[WhiteElo "972"]
[BlackElo "1062"]
[WhiteTeam "SV Puschendorf"]
[BlackTeam "TSF Ditzingen"]
[PlyCount "49"]
[WhiteFideId "24669954"]
[EventCountry "GER"]
[EventRounds "7"]
[EventType "team-swiss"]
[EventDate "2003.12.26"]

1. e4 e5 2. Nf3 Nc6 3. Bb5 f6 4. O-O Bc5 5. d3 Nge7 6. Nc3 a6 7. Ba4 d5 8. exd5
Nxd5 9. Bd2 Be6 10. Re1 Qd6 11. Ne4 Qd7 12. Nxc5 Bf7 13. Nxd7 Kxd7 14. Bxc6+
bxc6 15. Nxe5+ fxe5 16. Rxe5 Rab8 17. Qg4+ Kd6 18. Bf4 Rhe8 19. Rxe8+ Kc5 20.
Rxb8 Bg6 21. Be3+ Kd6 22. Rd8+ Ke7 23. Bg5+ Kf7 24. Qd7+ Ne7 25. Qxe7# 1-0

[Event "DVM U20 2003"]
[Site "Ditzingen GER"]
[Date "2003.12.28"]
[Round "4"]
[White "Kritz, Leonid"]
[Black "Korotkevych, Stanislav"]
[Result "1-0"]
[Termination "normal"]
[Board "1.1"]
[WhiteElo "2533"]
[BlackElo "2320"]
[WhiteTeam "SG Bochum 31"]
[BlackTeam "SG Porz"]
[PlyCount "93"]
[WhiteFideId "4653530"]
[BlackFideId "14107309"]
[EventCountry "GER"]
[EventRounds "7"]
[EventType "team-swiss"]
[EventDate "2003.12.26"]

1. e4 Nc6 2. Nf3 d6 3. d4 Nf6 4. Nc3 Bg4 5. Bb5 a6 6. Bxc6+ bxc6 7. h3 Bh5 8.
Bg5 d5 9. Bxf6 exf6 10. Qe2 Be7 11. O-O-O O-O 12. g4 Bg6 13. Nh4 Bb4 14. Nxg6
hxg6 15. Qd3 Re8 16. Rhe1 Qd6 17. exd5 Bxc3 18. Qxc3 cxd5 19. Re3 Qf4 20. Qd2
Rxe3 21. Qxe3 Qxe3+ 22. fxe3 Kf8 23. Kd2 Ke7 24. Rc1 Kd6 25. c4 c6 26. cxd5
cxd5 27. Rc5 f5 28. Ra5 Kc6 29. Kd3 f6 30. b4 Rh8 31. a4 Rxh3 32. gxf5 gxf5 33.
Rxa6+ Kb7 34. Rd6 f4 35. Rxd5 Rxe3+ 36. Kc4 g6 37. Rd6 f3 38. Rxf6 g5 39. a5 g4
40. a6+ Ka7 41. b5 Re7 42. Kb4 Re8 43. Ka5 g3 44. b6+ Ka8 45. Rxf3 Rg8 46. a7
Kb7 47. d5 1-0

[Event "DVM U20 2003"]
[Site "Ditzingen GER"]
[Date "2003.12.28"]
[Round "4"]
[White "Balcerak, Philipp"]
[Black "Zaragatski, Ilja"]
[Result "0-1"]
[Termination "normal"]
[Board "1.2"]
[WhiteElo "2188"]
[BlackElo "2337"]
[WhiteTeam "SG Porz"]
[BlackTeam "SG Bochum 31"]
[PlyCount "104"]
[WhiteFideId "4655036"]
[BlackFideId "4655192"]
[EventCountry "GER"]
[EventRounds "7"]
[EventType "team-swiss"]
[EventDate "2003.12.26"]

1. e4 e6 2. d4 d5 3. Nc3 Nf6 4. Bg5 Be7 5. e5 Nfd7 6. Bxe7 Qxe7 7. f4 O-O 8.
Nf3 c5 9. dxc5 Nc6 10. Bd3 f5 11. exf6 Qxf6 12. g3 Nxc5 13. O-O Bd7 14. Qd2
Nxd3 15. cxd3 e5 16. Rae1 exf4 17. Nxd5 Qd6 18. Nxf4 Bg4 19. Qe3 Rad8 20. a3 h6
21. h3 Bxh3 22. Rf2 Bg4 23. Qe4 g5 24. Ne6 Qxe6 25. Qxe6+ Bxe6 26. Rxe6 Rxd3
27. Ne1 Rxg3+ 28. Kh2 Rxf2+ 29. Kxg3 Rxb2 30. Rxh6 Rb3+ 31. Kg4 Ne5+ 32. Kf5
Nf7 33. Rg6+ Kf8 34. Nc2 Rc3 35. Nd4 Rxa3 36. Kf6 Nd8 37. Rxg5 Ra6+ 38. Kf5
Ra5+ 39. Kf4 Rxg5 40. Kxg5 Ke7 41. Kf5 Nc6 42. Nc2 Kd6 43. Ke4 Kc5 44. Kd3 b5
45. Kd2 a5 46. Kc1 b4 47. Kb1 a4 48. Kb2 Ne5 49. Ne1 Kb5 50. Nc2 Nc4+ 51. Kb1
b3 52. Ne1 Kb4 0-1

[Event "DVM U20 2003"]
[Site "Ditzingen GER"]
[Date "2003.12.28"]
[Round "4"]
[White "Schlawin, Marlon"]
[Black "Thalwitzer, David"]
[Result "0-1"]
[Termination "normal"]
[Board "1.3"]
[WhiteElo "2293"]
[BlackElo "2128"]
[WhiteTeam "SG Bochum 31"]
[BlackTeam "SG Porz"]
[PlyCount "110"]
[WhiteFideId "4675584"]
[BlackFideId "4663233"]
[EventCountry "GER"]
[EventRounds "7"]
[EventType "team-swiss"]
[EventDate "2003.12.26"]

1. e4 c5 2. Nf3 g6 3. Bc4 Bg7 4. O-O d6 5. Re1 Nc6 6. c3 Nf6 7. Bb3 O-O 8. d3
b5 9. Nbd2 a5 10. a4 b4 11. d4 bxc3 12. bxc3 cxd4 13. cxd4 Nb4 14. Ba3 Rb8 15.
h3 Ba6 16. e5 Ne8 17. Bc4 Bxc4 18. Nxc4 d5 19. Nb2 Nc7 20. Bxb4 Rxb4 21. Nd3
Rb6 22. Nc5 Na6 23. Nxa6 Rxa6 24. Qd3 Rc6 25. Qb5 Rc4 26. Rec1 Rb4 27. Qa6 Qa8
28. Rc6 e6 29. Rb6 Rxb6 30. Qxb6 Rb8 31. Qc7 Rc8 32. Qb6 Bf8 33. Rb1 Bb4 34.
Ne1 Qc6 35. Rxb4 axb4 36. Qxb4 Qc3 37. Qxc3 Rxc3 38. Kh2 Rc4 39. Nf3 Rxa4 40.
Kg3 Kg7 41. Kf4 f6 42. h4 h6 43. Ke3 f5 44. Kf4 Ra2 45. Ke3 Rb2 46. g3 Kf7 47.
Ne1 g5 48. hxg5 hxg5 49. Nd3 Rb3 50. Ke2 Ke7 51. Ne1 Kd7 52. Nf3 Rxf3 53. Kxf3
Kc6 54. g4 f4 55. Ke2 Kb5 0-1

[Event "DVM U20 2003"]
[Site "Ditzingen GER"]
[Date "2003.12.28"]
[Round "4"]
[White "Ostrowski, David"]
[Black "Becker, Martin Alexander"]
[Result "0-1"]
[Termination "normal"]
[Board "1.4"]
[WhiteElo "1806"]
[BlackElo "2244"]
[WhiteTeam "SG Porz"]
[BlackTeam "SG Bochum 31"]
[PlyCount "140"]
[BlackFideId "4680820"]
[EventCountry "GER"]
[EventRounds "7"]
[EventType "team-swiss"]
[EventDate "2003.12.26"]

1. e4 c5 2. Nf3 d6 3. d4 cxd4 4. Nxd4 Nf6 5. Nc3 a6 6. Be2 e5 7. Nb3 Be7 8. Bg5
Be6 9. O-O Nbd7 10. Qd2 b5 11. f3 O-O 12. a3 Rc8 13. Be3 Qc7 14. Rfc1 Nb6 15.
Bxb6 Qxb6+ 16. Kh1 d5 17. Nxd5 Nxd5 18. exd5 Rfd8 19. Qa5 Qxa5 20. Nxa5 Rxd5
21. Bd3 g6 22. Be4 Rd6 23. Rd1 f5 24. Rxd6 Bxd6 25. Bd3 Kf7 26. a4 Bd5 27. c3
Rc5 28. axb5 axb5 29. Bc2 Ke6 30. Nb3 Rc7 31. Re1 Kf6 32. Kg1 b4 33. Rd1 Ke6
34. Rd3 e4 35. fxe4 Bxe4 36. Re3 Kd5 37. Bxe4+ fxe4 38. Kf1 bxc3 39. bxc3 Bxh2
40. Nd2 Bf4 41. Rxe4 Bxd2 42. Rd4+ Ke5 43. Rxd2 Rxc3 44. Rd7 h5 45. Rg7 Kf5 46.
Kf2 g5 47. Ra7 Rd3 48. Ra5+ Kf4 49. Ra4+ Ke5 50. Ra5+ Rd5 51. Ra4 Rd4 52. Ra3
Kf4 53. Rf3+ Kg4 54. Rg3+ Kf5 55. Ra3 h4 56. Ra5+ Kf4 57. Ra3 g4 58. Ra8 Rd2+
59. Kf1 Kg3 60. Ra4 Rf2+ 61. Kg1 Rxg2+ 62. Kh1 Rf2 63. Kg1 Rf3 64. Ra2 Rb3 65.
Rg2+ Kf4 66. Rf2+ Rf3 67. Ra2 g3 68. Ra4+ Kg5 69. Kg2 Rf2+ 70. Kh3 Rh2# 0-1

[Event "DVM U20 2003"]
[Site "Ditzingen GER"]
[Date "2003.12.28"]
[Round "4"]
[White "Iounoussov, Maksim"]
[Black "Pilgram, Alexander"]
[Result "1-0"]
[Termination "normal"]
[Board "1.5"]
[WhiteElo "2096"]
[BlackElo "1785"]
[WhiteTeam "SG Bochum 31"]
[BlackTeam "SG Porz"]
[PlyCount "147"]
[WhiteFideId "4675436"]
[EventCountry "GER"]
[EventRounds "7"]
[EventType "team-swiss"]
[EventDate "2003.12.26"]

1. e4 e6 2. d3 d5 3. Qe2 Nf6 4. Nf3 b6 5. e5 Nfd7 6. g3 Bb7 7. Bg2 Be7 8. h4 c5
9. O-O Nc6 10. c4 d4 11. Re1 h6 12. h5 Qc7 13. Na3 a6 14. Nc2 O-O-O 15. a3 Ndb8
16. Bd2 a5 17. b4 axb4 18. axb4 cxb4 19. Reb1 Na6 20. Bh3 Bc5 21. Bf4 Na5 22.
Nd2 Qc6 23. Ne4 Nxc4 24. Bg2 Qd7 25. Qd1 Bxe4 26. Bxe4 Na5 27. Bd2 Qe7 28. Qe1
Nb8 29. Bxb4 Nac6 30. Bxc5 Qxc5 31. Na3 Kd7 32. Nc4 b5 33. Nd6 Nxe5 34. Nb7 Qc3
35. Nxd8 Qxe1+ 36. Rxe1 Rxd8 37. Rab1 Ke7 38. Rxb5 Nbd7 39. f4 Ng4 40. Rc1 Ngf6
41. Bf3 Ne8 42. Ra1 f6 43. Ra7 Nd6 44. Rb4 e5 45. fxe5 fxe5 46. Bg4 Ke8 47. Ra5
Nf6 48. Rxe5+ Kf8 49. Rxd4 Nxg4 50. Rxg4 Nf7 51. Re3 Ng5 52. Kg2 g6 53. Rf4+
Kg8 54. hxg6 Kg7 55. d4 Kxg6 56. Re5 Rd6 57. d5 Kg7 58. Kf1 Ra6 59. Re1 Kg6 60.
Rd1 Nf7 61. Ke2 Nd6 62. Re1 Ra5 63. Rd1 Kg5 64. Rf8 Nf5 65. Rg8+ Kf6 66. d6
Ra2+ 67. Kf3 Ra3+ 68. Kf2 Ra2+ 69. Kg1 Nxd6 70. Rxd6+ Kf7 71. Rgg6 h5 72. Rh6
Ke7 73. Rd5 Ra1+ 74. Kg2 1-0

[Event "DVM U20 2003"]
[Site "Ditzingen GER"]
[Date "2003.12.28"]
[Round "4"]
[White "Rudnik, Kirill"]
[Black "Smolka, Alexander"]
[Result "1-0"]
[Termination "normal"]
[Board "1.6"]
[WhiteElo "1762"]
[BlackElo "2136"]
[WhiteTeam "SG Porz"]
[BlackTeam "SG Bochum 31"]
[PlyCount "103"]
[BlackFideId "4685148"]
[EventCountry "GER"]
[EventRounds "7"]
[EventType "team-swiss"]
[EventDate "2003.12.26"]

1. e4 c5 2. Nc3 Nc6 3. g3 d6 4. Bg2 g6 5. d3 Bg7 6. Be3 Rb8 7. Qd2 e6 8. Nf3 b5
9. h4 h5 10. d4 b4 11. Nd1 cxd4 12. Nxd4 Nge7 13. c4 bxc3 14. Nxc3 Ba6 15. Nxc6
Nxc6 16. f4 Qa5 17. Rc1 Nb4 18. Bf1 Bxf1 19. Kxf1 O-O 20. Kg2 Qa6 21. Rhd1 Rfd8
22. a3 Nc6 23. Rc2 Na5 24. Qf2 Rd7 25. Na2 Nc4 26. Bc1 Nb6 27. Nb4 Qb7 28. Qe2
f5 29. Re1 Qxe4+ 30. Qxe4 fxe4 31. Rxe4 Kf7 32. Bd2 d5 33. Re1 Nc4 34. Bc1 a5
35. Nd3 Rb5 36. Rce2 Rd6 37. Ne5+ Bxe5 38. fxe5 Rdb6 39. Rf1+ Kg7 40. Ref2 Nxe5
41. Be3 Kg8 42. Rf8+ Kh7 43. Bd4 Rxb2+ 44. Kh3 g5 45. hxg5 Rb8 46. Rxb8 Rxb8
47. Bxe5 Rb3 48. a4 Kg6 49. Kh4 Rb4+ 50. Rf4 Rb1 51. Rf6+ Kh7 52. g6+ 1-0

[Event "DVM U20 2003"]
[Site "Ditzingen GER"]
[Date "2003.12.28"]
[Round "4"]
[White "Wehner, Roland"]
[Black "Langrock, Hannes"]
[Result "0-1"]
[Termination "normal"]
[Board "2.1"]
[WhiteElo "2182"]
[BlackElo "2336"]
[WhiteTeam "SK Ettlingen"]
[BlackTeam "Hamburger SK von 1830"]
[PlyCount "70"]
[WhiteFideId "4683161"]
[BlackFideId "4655290"]
[EventCountry "GER"]
[EventRounds "7"]
[EventType "team-swiss"]
[EventDate "2003.12.26"]

1. e4 e6 2. d4 d5 3. Nd2 Be7 4. Ngf3 Nf6 5. e5 Nfd7 6. Bd3 c5 7. c3 Nc6 8. O-O
g5 9. b4 cxb4 10. cxb4 Nxb4 11. Be2 Nf8 12. Ba3 Nc6 13. Bxe7 Qxe7 14. Qa4 Ng6
15. Bb5 O-O 16. Bxc6 bxc6 17. Nb3 Rb8 18. Qxc6 g4 19. Nfd2 f6 20. Qd6 Qxd6 21.
exd6 Nf4 22. Nc5 Rd8 23. Rab1 Rb6 24. Ndb3 Rdxd6 25. a4 Rb4 26. g3 Ne2+ 27. Kg2
Rdb6 28. Rfe1 Nxd4 29. a5 Rb8 30. Rec1 Nxb3 31. Rxb3 Rxb3 32. Nxb3 Ba6 33. Rc6
Bb7 34. Rxe6 d4+ 35. Kf1 Bd5 0-1